| 000 | 00364nam a22001217a 4500 | ||
|---|---|---|---|
| 999 |
_c1258 _d1258 |
||
| 005 | 20200826155632.0 | ||
| 008 | 200826b ||||| |||| 00| 0 eng d | ||
| 020 | _a0131523597 | ||
| 040 | _cCML | ||
| 245 |
_aWriting Academic English. _bOshima, A & Hogue, A. |
||
| 260 |
_aLondon _bPearson Longman _c2006 |
||
| 942 |
_2ddc _cBK _h421 _mOSH _e4th Edition _kR |
||